书目信息 |
| 题名: |
全球化动荡
|
|
| 作者: | 科恩, , 麦克布赖德, 编著 ;段保良 译 | |
| 分册: | ||
| 出版信息: | 北京 华夏出版社 2004.05 |
|
| 页数: | 214页 | |
| 开本: | 24cm | |
| 丛书名: | ||
| 单 册: | ||
| 中图分类: | D5-53 | |
| 科图分类: | ||
| 主题词: | 国际政治--研究--文集 | |
| 电子资源: | ||
| ISBN: | 7-5080-2390-0 | |
| 000 | 01231nam0 2200289 450 | |
| 001 | 0158200799 | |
| 005 | 20051011170143.55 | |
| 010 | @a7-5080-2390-0@dCNY23.00 | |
| 100 | @a20050301d2004 km y0chiy0120 ea | |
| 101 | 1 | @achi@ceng |
| 102 | @aCN@b110000 | |
| 105 | @aa a 000yy | |
| 200 | 1 | @a全球化动荡@Aquan qiu hua dong dang@f(加拿大) 马乔里·格里芬·科恩, 斯蒂芬·麦克布莱德编著@F(jia na da)ma qiao li·ge li fen·ke en,si di fen·mai ke bu lai de bian zhu@g段保良译@Gduan bao liang yi |
| 210 | @a北京@c华夏出版社@d2004.05 | |
| 215 | @a214页@c图@d24cm | |
| 306 | @a据Ashgate Publishing Limited 2003年英文版译出。; 本书中文简体字版专有出版权由Ashgate Publishing Limited授予华夏出版社,版权为华夏出版社所有。 | |
| 312 | @a英文题名取自版权页。 | |
| 320 | @a有书目。 | |
| 330 | @a本书介绍美国纽约人寿保险公司著名的保险推销员本·费尔德曼独特的寿险营销方法。 | |
| 510 | 1 | @aGlobal turbulence@zeng |
| 606 | 0 | @a国际政治@x研究@x文集 |
| 690 | @aD5-53@v4 | |
| 701 | 1 | @a科恩,@Ake en,@bM. G.@g(Cohen, Marjorie Griffin),@f1944-@4编著 |
| 701 | 1 | @a麦克布赖德,@Amai ke bu lai de,@bS.@g(McBride, Stephen),@f1947-@4编著 |
| 702 | 0 | @a段保良@Aduan bao liang@4译 |
| 801 | 0 | @aCN@bQSSK@c20051011 |
| 905 | @a10447@dD5-53@eK490 | |
| 全球化动荡/(加拿大) 马乔里·格里芬·科恩, 斯蒂芬·麦克布莱德编著/段保良译.-北京:华夏出版社,2004.05 |
| 214页:图;24cm |
| ISBN 7-5080-2390-0:CNY23.00 |
| 本书介绍美国纽约人寿保险公司著名的保险推销员本·费尔德曼独特的寿险营销方法。 |
| ● |
| 相关链接 |
|
|
|
正题名:全球化动荡
索取号:D5-53/K490
 
预约/预借
| 序号 | 登录号 | 条形码 | 馆藏地/架位号 | 状态 | 备注 |
| 1 | 566301 | 205663012 | 社科库509/509社科库 71排1列3层/ [索取号:D5-53/K490] | 在馆 | |
| 2 | 566302 | 205663021 | 社科库509/509社科库 71排1列3层/ [索取号:D5-53/K490] | 在馆 | |
| 3 | 566303 | 205663030 | 社科库509/509社科库 71排1列3层/ [索取号:D5-53/K490] | 在馆 |